000
00288nam a22001217a 4500
008
170526b xxu||||| |||| 00| 0 eng d
041
_a
eng
080
_a
621
100
_a
27
101
_a
IM
245
_a
FLUID MECHANICS WITH ENGINEERING APPLICATIONS
_c
DAUGHERTY, R.L
942
_2
udc
_c
BK
999
_c
14587
_d
14587